000 00693nam a2200241Ia 4500
003 OSt
005 20220918180434.0
006 a|||||r|||| 00| 0
007 ta
008 220917b |||||||| |||| 00| 0 eng d
024 _a22,332
037 _cTextual
040 _aARTS
_cARTS
_beng
041 _2eng
_aeng
082 _aO111,3M35,11, K5
100 _aButler Samuel
_914555
245 0 _aErnest Pontifex or the way of all flesh ed by Daniel F Howard Samuel Butler
260 _aLondon
_bMethuen & Co UK
_c1965
300 _axxviii,365p.
_ccm.
650 _aENGLISH LITERATURE
942 _hO111,3M35,11, K5
_cTEXL
_2CC
999 _c161567
_d161567